Top 20 American Universities for Nursing - Statistics

General Stats
  • This quiz has been taken 75 times
  • The average score is 16 of 22
Answer Stats
Rank State/Territory Answer % Correct
16* KY University of Kentucky
95%
1* PA University of Pennsylvania
91%
7* AL University of Alabama Birmingham
86%
7* WA University of Washington
86%
7* MI University of Michigan
84%
1* NC Duke University
82%
4* IA University of Iowa
82%
16* WI University of Wisconsin
82%
16* VA University of Virginia
81%
10* NY New York University
77%
16* TX University of Texas Health Science Center Houston
75%
16* CA University of California Los Angeles
74%
16* IL University of Illinois Chicago
74%
16* MN University of Minnesota
72%
10* MD University of Maryland Baltimore
70%
4* OH The Ohio State University
68%
4* NC University of North Carolina Chapel Hill
67%
3 GA Emory University
65%
10* MA Boston College
61%
10* PA University of Pittsburgh
58%
10* OH Case Western Reserve University
39%
10* OR Oregon Health and Science University
9%
No matching quizzes found
Score Distribution
Percent of People with Each Score
Percentile by Number Answered
Your Score History
You have not taken this quiz